书目信息 |
| 书名: | The use and training of the human voice | |
| 作者: | Arthur Lessac ; foreword by Frank Langella. | |
| 分册号: | ||
| 分册名: | 出版地: | Mountain View, CA : |
|
| 出版社: | Mayfield Pub | |
| 出版时间: | 1997. | |
| 页数: | xv, 291 p. : | |
| 开本: | 22 cm. | |
| 丛书名: | ||
| 中图分类号: | ||
| 科图分类号: | ||
| 其他分类号: | H018.1 | |
| 主题词: | ||
| 电子资源: | http://www.loc.gov/catdir/description/mh024/96018629.html http://www.loc.gov/catdir/toc/mh023/96018629.html | |
| 000 | 01216cam a2200313 a 450 | |
| 001 | E0751516248 | |
| 005 | 20070317143753.73 | |
| 008 | 960502s1996 caua 001 0 eng | |
| 010 | @a96018629 | |
| 020 | @a1559346965. | |
| 035 | @A(DLC) 96018629 | |
| 040 | @aDLC@cDLC@dDLC | |
| 050 | 00 | @aPN4162@b.L46 1997 |
| 082 | 00 | @a808.5@2 20 |
| 090 | @aH018.1 | |
| 099 | @dH018.1@ex67 | |
| 100 | 1 | @aLessac, Arthur. |
| 245 | 14 | @aThe use and training of the human voice :@ba bio-dynamic approach to vocal life / @cArthur Lessac ; foreword by Frank Langella. |
| 250 | @a3rd ed. | |
| 260 | @aMountain View, CA :@bMayfield Pub.,@c1997. | |
| 300 | @axv, 291 p. :@bill. ;@c22 cm. | |
| 500 | @aIncludes index. | |
| 650 | 0 | @aVoice culture. |
| 856 | 42 | @3 Publisher description@uhttp://www.loc.gov/catdir/description/mh024/96018629.html |
| 856 | 41 | @3 Table of contents@uhttp://www.loc.gov/catdir/toc/mh023/96018629.html |
| 906 | @a7@bcbc@corignew@d1@eocip@f19@gy-gencatlg | |
| 920 | @a**LC HAS REQ’D # OF SHELF COPIES** | |
| 955 | @apc14 to la00 05-02-96; lg25 to lg06 05-07-96; lg06 05-07-96; lg15 05-07-96 to DDC; CIP ver ld11 03-04-97 | |
| 991 | @bc-GenColl@hPN4162@i.L46 1997@p00053591279@tCopy 1@wBOOKS | |
| The use and training of the human voice : : a bio-dynamic approach to vocal life / / Arthur Lessac ; foreword by Frank Langella.-3rd ed.-Mountain View, CA : : Mayfield Pub., , 1997. |
| xv, 291 p. : : ill. ; ; 22 cm. |
| Includes index. |
| ISBN 1559346965. |
| ● |
| 相关链接 |
|
|
|
|
正题名:use and training of the human voice
索取号:H018.1/x67
 
预约/预借
| 序号 | 登录号 | 条形码 | 馆藏地/架位号 | 状态 | 备注 |
| 1 | 0002272 | 300022721 | 第二样本阅览室/ [索取号:H018.1/x67] | 在馆 | |
| 2 | 0002273 | 300022730 | 第四借阅区/ [索取号:H018.1/x67] | 在馆 | |
| 3 | 0002274 | 300022749 | 第四借阅区/ [索取号:H018.1/x67] | 在馆 |